000 00501nam a22001817a 4500
005 20160725163355.0
010 _aENG-115525
020 _a9788192226613
_c599.00
035 _aEN-99057
037 _bDBAD/PUB
082 _aN
100 _aHutchison,Robert
245 _aGarden of fools /
_cby Robert Hutchison
260 _aNew Delhi
_bPalimpsest Publishers
_c2013
270 _a16,Community Center,Panchsheel Park
_bNew Delhi
_e110017
300 _a432p.
_c22cm(pbk)
942 _2ddc
_cEN
_hN
_mHUT
999 _c101461
_d101461